LEADER 01245nam a2200277 u 4500 001 000000037045 003 CaOOAMICUS 005 20070226113724.0 008 980401s1988 it u000 u ita u 020 $a8839930523 035 $a10788583 040 $aPUL(R)$bita 245 00$aProntuario giuridico dell'insegnamento della religione nella scuola primaria e secondaria /$cSergio Cicatelli (ed.) 260 $aBrescia :$bQueriniana,$c1988. 300 $a179 p. : ;$c21 cm 490 1 $aBiblioteca dell'insegnamento religioso ;$v3 650 4$aInsegnamento religioso$zItalia.$0(OLS)http://pul/subject/13976 700 1 $aCicatelli, Sergio,$d1954-$0(OLS)http://pul/name/27892 830 0$aBiblioteca dell'insegnamento religioso ;$v3.$0(OLS)http://pul/title/50499 850 $aPUL 852 $aPUL$W1$xSL Diritto Canonico 1$y5$m166 F 1$j50689$nBK-PRI$b $qStampati$B50689$CPULBib$Z2$F50689 $H $81 941 1 $a8 961 $aINV: 60226 996 $6020$a8839930523$9(OLS)http://pul/number/46401 996 $6245$aProntuario giuridico dell'insegnamento della religione nella scuola primaria e secondaria$9(OLS)http://pul/title/50498 996 $6260$aBrescia :$bQueriniana$9(OLS)http://pul/publisher/47906 LEADER 01322nam a2200325 u 4500 001 000000172932 003 CaOOAMICUS 005 20191218192423.0 008 191218s2018 it u000 u fre r 020 $a978-88-93141-16-1* 032 $aLibriCat 040 $aPUL$bita 100 1 $aHenry, Michel,$d1922-2002.$0(OLS)http://pul/name/39200 240 13$aL' essence de la manifestation.$bItaliano.$0(OLS)http://pul/title/213970 245 12$aL'essenza della manifestazione /$cMichel Henry; a cura di Giuseppina De Simone. 260 $aNapoli :$bOrthotes,$c2018. 300 $a785 p. ;$c22 cm 490 1 $aDialectica 504 $aBibliografia in nota. 650 4$aOntologia.$0(OLS)http://pul/subject/4424 650 4$aFenomenologia.$0(OLS)http://pul/subject/1230 700 1 $aDe Simone, Giuseppina.$0(OLS)http://pul/name/66300 830 0$aDialectica ;$v29.$0(OLS)http://pul/title/22065 850 $aPUL 852 $aPUL$W1$xSL Filosofia 3$y81$m111 HENMI 1$j196919$qDDC 21$B201678$CPULBib$Z2$F201678 $H133778 $82 941 1 $a9 996 $6020$a978-88-93141-16-1*$9(OLS)http://pul/number/166944 996 $6245$aL'essenza della manifestazione$9(OLS)http://pul/title/213969 996 $6260$aNapoli :$bOrthotes$9(OLS)http://pul/publisher/82284